00851naa#a2200181#i#4500001001600000005001700016011001400033100004100047102000700088200022600095210010300321215001000424608004500434675006600479700005200545700005400597856001800651RU\\bibl\12691920260703015038.5##a2227-1171##a20260630b2026####ek#y0rusy0150####ca##aRU1#aГОСУДАРСТВЕННАЯ ИНФОРМАЦИОННАЯ СИСТЕМА ПРОТИВОДЕЙСТВИЯ КИБЕРПРЕСТУПЛЕНИЯМ: ПРОБЛЕМЫ И ПЕРСПЕКТИВЫeЖурнальная статья1#aКазаньcКазанский юридический институт МВД Россииd2026##a6 с.##aЖурнальная статья2local##aКриминология. Криминалистика. 343.9#1aЗиннуровgФоат Канафиевич#1aШавалеевgБулат Эдуардович4#avestnikkui.ru